[Event "CAN-ch U12"]
[Site "Ottawa"]
[Date "2007.07.03"]
[Round "1"]
[White "Li, Changhe"]
[Black "Gustafson, Blake"]
[Result "1-0"]
[WhiteElo "1807"]
[BlackElo "1153"]
[PlyCount "64"]
[EventDate "2007.07.03"]
[EventType "swiss"]
[EventRounds "7"]
[EventCountry "CAN"]
[SourceTitle "EXT 2022"]
[Source "ChessBase"]
[SourceDate "2021.10.06"]
[SourceVersion "1"]
[SourceVersionDate "2021.10.06"]
[SourceQuality "1"]

1. e4 e5 2. Nf3 Nf6 3. Nc3 Nc6 4. d4 Bd6 5. d5 Ne7 6. Be2 0-0 7. 0-0 a6 8. Bg5 Ne8 9. Nd2 f6 10. Be3 c6 11. Nc4 cxd5 12. Nxd5 Nxd5 13. Qxd5+ Kh8 14. Nxd6 Nxd6 15. Qxd6 Rf7 16. Bc4 Qe7 17. Bc5 Qxd6 18. Bxd6 Kg8 19. Rad1 b5 20. Bd5 Rb8 21. Bxb8 Bb7 22. Bxb7 Rf8 23. Bd5+ Kh8 24. Bd6 Rc8 25. c3 a5 26. Bb7 Re8 27. Bc7 g5 28. Rxd7 g4 29. Rfd1 h5 30. Rf7 h4 31. Rdd7 h3 32. Rh7+ Kg8 1-0